Čo vieme o ortodoncii

Bibliographic Details
Format: Article
Language:Slovak

MARC

LEADER 00000nab a2200000uu 4500
001 vtls011493901
003 SK-MaSNL
005 20260225212056.0
008 230222|2013 xo |||||||||||||||||slo|
015 |a SNBRB 
035 |a (urnnbn)urn:nbn:sk:snk:ar-007rlz 
035 |a (uuid)c219b779-d1da-435b-9e55-c34c02a3989b 
035 |a urn:nbn:sk:snk-abdias 
040 |a SNKBUCL  |b slo  |c SNKBUCL  |e AACR2 
041 0 |a slo 
044 |a xo  |c SK 
245 0 0 |a Čo vieme o ortodoncii 
773 0 |t Zubný technik : stavovský časopis Slovenskej komory zubných technikov  |g Č. 4 (2013), s. 17-24 
954 |a odborná, vedecká literatúra pôvodná (slovenská)  |2 lita 
958 |a OND 
958 |a EUIPO 
958 |a article18 
999 |c 2036655  |d 2038585